000 01088nam a22002897a 4500
001 23255
003 UA-OsUOA
005 20260211103857.0
007 ta
008 20040115b un ||||| |||| 00| 0 ukr d
020 _a5770750480
040 _aUA-OsUOA
_bukr
_cUA-OsUOA
_dUA-OsUOA
041 _aukr
044 _aIT
080 _a246
090 _a246
_bВ62
100 _aВодопівець І.
_923174
110 _aАрхиєпархіяльна семінарія Святого Духа Української Греко-Католицької церкви
_923175
245 _aЕклезіологія. Церква Христова
_cІ. Водопівець ; пер. з італ. М. Димид
260 _aРим
_aЛьвів
_aРудно
_bСвічадо
_c1994
300 _a288 с.
490 _aБогословські підручники
_v№2
650 7 _2UDC
_a246 Християнське мистецтво та символіка
_92728
942 _cBK
_2udc
955 _a1
999 _c309500
_d309500